000 00701nam a22002177a 4500
007 00
008 160624b xxu||||| |||| 00| 0 eng d
020 _a978-2-10-055156-9
040 _aBUAC
_cBUC
041 _aFre.
100 _aFasse, Denis
245 _aMarketing et communication, le mix gagnant :
_bdeux stratégies au service de l'entreprise
_c/ par Denis Fasse, Anne-Schapiro-Niel
260 _aParis :
_bDunod,
_c2011
300 _a237 p.
_c24 cm .
440 _a( Collection Fonction de l'Entreprise)
521 _aBibliogr. pp. (233 - 234) ; Index : pp. (235 - 237).
630 _aSCIENCES APPLIQUEES
650 _aMarketing
_919825
700 _aSchapiro-Niel, Anne
942 _cLIV
999 _c54721
_d54721